| 000 | 00955nam a2200229Ii 4500 | ||
|---|---|---|---|
| 003 | JO-AjNU | ||
| 008 | 230605s9999||||xx |||||||||||||| ||und|| | ||
| 017 | _a2008/12/4187 | ||
| 020 | _a9957-16-493-5 | ||
| 040 |
_aJO-AjNU _bara _erda _cJO-AjNU |
||
| 041 | _aara | ||
| 050 | 1 | 4 | _aHV 6030 .M3722 2009 |
| 100 | 3 |
_aالمشهداني، اكرم عبدالرزاق / م.مشارك نشأت بهجت البكري, _eauthor _912562 |
|
| 245 | 0 | 0 | _aموسوعة علم الجريمة و البحث الإحصائي الجنائي في القضاء و الشرطة و السجون |
| 250 | _aط1 | ||
| 264 | 3 | 1 | _aعمان: دار الثقافة للنشر والتوزيع، 2009 |
| 300 |
_a623ص _bيحتوي على ببلوغرافية من 615-623ص |
||
| 336 |
_atext _btxt _2rdacontent |
||
| 337 |
_aunmediated _bn _2rdamedia |
||
| 338 |
_avolume _bnc _2rdacarrier |
||
| 650 | 4 |
_aعلم الجريمة - الجرائم - البحث الاحصائي _912563 |
|
| 999 |
_aA2898 _c6466 _d6466 |
||